[Event "SVK-chT2A 1617"]
[Site "Slovakia"]
[Date "2016.11.06"]
[Round "4.7"]
[White "Jarabek, Milan"]
[Black "Henc, Marian"]
[Result "0-1"]
[WhiteElo "1705"]
[BlackElo "1884"]
[PlyCount "72"]
[EventDate "2016.10.08"]
[EventType "team-tourn"]
[EventRounds "11"]
[EventCountry "SVK"]
[SourceTitle "CBM 175 Extra"]
[Source "ChessBase"]
[SourceDate "2016.12.12"]
[SourceVersion "1"]
[SourceVersionDate "2016.12.12"]
[SourceQuality "1"]
[WhiteTeam "Skalica"]
[BlackTeam "Bratislava Doprastav II"]
[WhiteTeamCountry "SVK"]
[BlackTeamCountry "SVK"]

1. e4 d6 2. d4 g6 3. Nc3 Bg7 4. Be3 Nf6 5. Bc4 c6 6. Bb3 b5 7. e5 dxe5 8. dxe5 Qxd1+ 9. Rxd1 Ng4 10. Nxb5 Na6 11. Nd4 Nxe5 12. c3 Bb7 13. Ngf3 0-0 14. 0-0 Ng4 15. Nc2 e6 16. Rd7 Nxe3 17. Nxe3 Nc5 18. Rdd1 a5 19. Nc4 Ba6 20. Rfe1 a4 21. Nb6 axb3 22. Nxa8 Rxa8 23. axb3 Nxb3 24. Rd7 Bc4 25. h3 Rb8 26. Ne5 Bxe5 27. Rxe5 Bd5 28. Re2 Nc5 29. Ra7 Nd3 30. b4 Nf4 31. Rb2 Bxg2 32. c4 Bxh3 33. b5 cxb5 34. cxb5 Nd5 35. Ra6 Bf5 36. Rb3 Bc2 0-1